| 000 | 00889nam a22002657a 4500 | ||
|---|---|---|---|
| 999 |
_c15592 _d15592 |
||
| 003 | MIRAKIL | ||
| 005 | 20240308132509.0 | ||
| 008 | 240308b tu ||||| |||| 00| 0 tur d | ||
| 020 | _a9786054556014 | ||
| 040 |
_aTR-AnCHP _cTR-AnCHP |
||
| 041 | _atur | ||
| 082 |
_a813.42 _bT27ö 2011 |
||
| 090 | _a813.42 T27ö 2011 | ||
| 100 | _aTaşkıran, Cemalettin | ||
| 245 | 1 | 0 |
_aÖlüme yürüyüş : _b(Sarıkamış dramının romanı) / _cCemalettin Taşkıran. |
| 246 | _aSarıkamış dramının romanı | ||
| 260 |
_aAnkara : _bSarkaç Yayınları, _c2011. |
||
| 300 |
_a139 s. : _bfotoğ., hrt. ; _c23 cm. |
||
| 490 | 0 |
_aSarkaç roman ; _v6. |
|
| 504 | _aKaynakça: 117-119. ss. | ||
| 650 | 0 |
_919 _aTürk edebiyatı _xRoman |
|
| 651 | 0 |
_96536 _aSarıkamış (kars) |
|
| 856 | _zDijital Nüshası için Partimizin Kütüphane Sorumlusu ile iletişime geçiniz. | ||
| 942 |
_2ddc _cBKS |
||